000 00661nam a22002417a 4500
003 UA-OsUOA
001 68556
007 ta
008 20100429b un ||||| |||| 00| 0 ukr d
090 _a94(477)(082)
_bУ45
942 _cBK
040 _aUA-OsUOA
_bukr
_cUA-OsUOA
_dUA-OsUOA
245 _aУкраїнський гуманітарний огляд
_cЯковенко Н.
300 _a268 с.
955 _a2
041 _aukr
080 _a94(477)(082)
020 _a966-8978-25-0
260 _aК.
_bКритика
_c2006
250 _nВипуск 12
650 7 _a9 Географія. Біографії. Історія
_2UDC
999 _c354810
_d354810